000 00712nam a2200289Ia 4500
005 20260324132124.0
008 008 260324s9999 xx 000 0 eng d
020 _a9781351150804
037 _aEBOOK
040 _aCRL
040 _beng
040 _cCRL
041 _2eng
041 _aeng
084 _qCRL
100 _aPaul Healy
_91188104
245 0 _aRationality, Hermeneutics and Dialogue
245 0 _bToward a Viable Postfoundationalist Account of Rationality
260 _bTaylor and Francis
260 _c2005
365 _a
365 _b230
856 _uhttp://www.taylorfrancis.com/books/9781351150804
942 _cEBOOK
999 _c1785896
_d1785896